00530nam a2200169Ia 4500003000900000008004100009040001600050080002600066110003300092245009900125260005000224300000900274500001900283650001900302650001800321650002100339IN-BaIIA211028s9999 xx 000 0 eng d cIIA Library a083.7:669.14-423bISI aIndian Standards Institution 0aIndian standard specification for bright bars (standard quality)cIndian Standards Institution aNew DelhibIndian Standards Institutionc1974 a10p. aIS 7270 : 1974 a Bright Stars a Standards  aNASA Thesaurus